| 000 | 01367nam a2200301 i 4500 | ||
|---|---|---|---|
| 001 | 192660 | ||
| 003 | ES-MaACL | ||
| 005 | 20250902090040.0 | ||
| 007 | ta | ||
| 008 | 230509b |||||||| |||| 00| 0 eng d | ||
| 017 |
_aSS 127-2019 _bOficina Depósito Legal San Sebastián |
||
| 020 | _a9788489318328 | ||
| 040 |
_bspa _cES-MaACL |
||
| 100 | 1 |
_aGortázar, Guillermo, _d1951- _eaut _9176485 |
|
| 245 | 1 | 0 |
_aManuel María de Górtazar y Muribe, 1824-1896 : _bfueros y concierto, el legado del último notable vizcaíno : lección de ingreso como amigo de número leída el día 25 de febrero de 2019 / _cpor D. Guillermo Gortázar Echevarría y palabras de recepción de Íñigo López de Uralde |
| 264 | 1 |
_aMadrid : _bReal Sociedad Bascongada de los Amigos del País, Delegación en Corte, _c2019 |
|
| 300 |
_a121 páginas ; _c21 cm |
||
| 336 |
_2isbdcontent _aTexto |
||
| 337 |
_2isbdmedia _asin mediación |
||
| 504 | _aBibliografía: páginas 94-101 | ||
| 600 | 1 | 0 |
_aGortázar Munibe, Manuel María, _d1824-1896 _9176484 |
| 700 | 1 |
_9145658 _aLópez de Uralde, Íñigo _eaut |
|
| 710 | 2 |
_aReal Sociedad Bascongada de los Amigos del País. _bDelegación en Corte _eedt _96371 |
|
| 852 |
_aEs-MaACL _bR.152535 _jN-8254 _cDEPOJ _hDonación: Editorial _z199959 |
||
| 942 |
_cMONOGRAFIA _n0 |
||
| 999 |
_c192660 _d192660 |
||